000 00268nam a22001097a 4500
008 240710b |||||||| |||| 00| 0 eng d
100 _aSharma, Dwarka Prasad
_916778
245 _aSharnathi
260 _aBombay:
_bLok Sewa Mandal;
_c1965.
300 _a94p.
942 _cBK
999 _c39918
_d39918